000 00278nam a2200109Ia 4500
008 190914s9999||||xx |||||||||||||| ||und||
100 _aBowen, Earl
245 0 _aBasic statistics For Business And Economics
260 _aNew Delhi
_bViva Books
_c2001
300 _a143
942 _cBK
999 _c8843
_d8843